[Event "34th Olympiad, Istanbul TUR"]
[Site "?"]
[Date "2000.??.??"]
[Round "13"]
[White "Avrukh, B."]
[Black "Romanishin, O."]
[Result "1/2-1/2"]
[WhiteElo "2625"]
[BlackElo "2590"]
[PlyCount "185"]
[EventDate "2000.??.??"]
[Source "www.chesslib.no"]
[SourceDate "2004.05.04"]

1. d4 Nf6 2. c4 e6 3. Nc3 Bb4 4. e3 b6 5. Nge2 c5 6. a3 Ba5 7. Rb1 Na6 8. f3 O-O 9. d5 d6 10. e4 exd5 11. cxd5 b5 12. Ng3 Rb8 13. Bd2 b4 14. axb4 cxb4 15. Na4 b3 16. Bc4 Nb4 17. O-O Bd7 18. Nc3 Qb6+ 19. Kh1 Rfc8 20. Qe2 Na2 21. Nxa2 bxa2 22. Bxa5 Qxa5 23. Ra1 Qb4 24. b3 a5 25. Qxa2 a4 26. Rab1 Ra8 27. Rfc1 h5 28. Ne2 h4 29. bxa4 Qxa4 30. Qxa4 Rxa4 31. Bd3 Rxc1+ 32. Nxc1 Nh5 33. Kg1 Nf4 34. Kf2 Ra3 35. Rb8+ Kh7 36. Bb1 g6 37. Rb7 Be8 38. Re7 Ra1 39. Nd3 Rxb1 40. Nxf4 Rb8 41. e5 dxe5 42. Nd3 Kg7 43. Ke3 Kf8 44. Rxe5 Rb3 45. Kd4 Bb5 46. Nf4 Bd7 47. Re3 Rb4+ 48. Ke5 Ke7 49. d6+ Kf8 50. Nd5 Rb5 51. Kd4 Rb2 52. Re7 Rd2+ 53. Ke5 Bc6 54. Nf4 g5 55. Rc7 gxf4 56. Rxc6 Ke8 57. Rc8+ Kd7 58. Rc7+ Ke8 59. Re7+ Kf8 60. Ra7 Ke8 61. Ra8+ Kd7 62. Rg8 h3 63. gxh3 Re2+ 64. Kxf4 Kxd6 65. Kg3 Ke7 66. h4 Re1 67. Kf4 Kf6 68. h5 Rh1 69. Rg2 Ra1 70. Rg4 Ra5 71. Rh4 Kg7 72. h6+ Kh7 73. Kg4 Rb5 74. f4 Ra5 75. Rh5 Ra7 76. Kf3 Rb7 77. h3 Rb3+ 78. Kg4 Rb7 79. Kg5 Rb5+ 80. f5 Rb6 81. Rh4 f6+ 82. Kh5 Rb5 83. Rf4 Ra5 84. h4 Rb5 85. Kg4 Kxh6 86. Rc4 Rb1 87. Rc6 Rb4+ 88. Kg3 Rb3+ 89. Kg2 Rb2+ 90. Kf3 Rb3+ 91. Ke4 Rb4+ 92. Kd5 Rxh4 93. Rxf6+ 1/2-1/2

[Event "St Petersburg"]
[Site "St Petersburg"]
[Date "1997.??.??"]
[Round "9"]
[White "Kortschnoj, Viktor"]
[Black "Sakaev, Konstantin"]
[Result "1-0"]
[WhiteElo "2635"]
[BlackElo "2580"]
[PlyCount "55"]
[EventDate "1997.04.17"]
[Source "ChessBase"]
[SourceDate "1997.08.01"]

1. d4 Nf6 2. c4 e6 3. Nc3 Bb4 4. e3 c5 5. Nge2 cxd4 6. exd4 d5 7. c5 Ne4 8. g3 O-O 9. Bg2 b6 10. O-O Bxc3 11. Nxc3 Nxc3 12. bxc3 Ba6 13. Re1 bxc5 14. dxc5 Qa5 15. Be3 Nc6 16. Qg4 Bc4 17. Bd4 Nxd4 18. cxd4 Rab8 19. Qf4 Rb2 20. a3 g6 21. h4 Qd2 22. Qf6 Rfb8 23. c6 Re8 24. c7 Qa5 25. h5 Qxc7 26. h6 Kf8 27. Re3 Re2 28. Rf3 1-0

[Event "Euwe mem"]
[Site "Amsterdam"]
[Date "1987.??.??"]
[Round "?"]
[White "Kortschnoj, Viktor"]
[Black "Van der Wiel, John TH"]
[Result "1/2-1/2"]
[WhiteElo "2625"]
[BlackElo "2590"]
[PlyCount "64"]
[EventDate "1987.05.??"]
[Source "ChessBase"]

1. d4 Nf6 2. c4 e6 3. Nc3 Bb4 4. e3 c5 5. Nge2 b6 6. a3 Ba5 7. Bd2 Ba6 8. Qa4 Bxc3 9. Nxc3 O-O 10. dxc5 bxc5 11. Be2 d5 12. cxd5 Bxe2 13. Nxe2 Nxd5 14. O-O Qd6 15. Rab1 Qa6 16. Qxa6 Nxa6 17. e4 Nb6 18. Rfc1 Rfc8 19. b3 Rab8 20. Nc3 Nd7 21. Bf4 Rb7 22. f3 h6 23. Bg3 Rc6 24. Na4 Nab8 25. Rb2 Kh7 26. Rc3 Ra6 27. Bxb8 Rxb8 28. Rd2 Nb6 29. Nxc5 Rxa3 30. Kf2 Rc8 31. Rdc2 Ra1 32. h4 a5 1/2-1/2

[Event "Corr"]
[Site "?"]
[Date "1999.06.30"]
[Round "?"]
[White "Bang Erik (DEN)"]
[Black "Kluve Siegfried (GER)"]
[Result "1/2-1/2"]
[WhiteElo "2663"]
[BlackElo "2550"]
[PlyCount "48"]
[EventDate "1999.??.??"]
[Source "www.chesslib.no"]
[SourceDate "2004.05.04"]

1. d4 Nf6 2. c4 e6 3. Nc3 Bb4 4. e3 c5 5. Nge2 cxd4 6. exd4 d5 7. c5 Ne4 8. Bd2 Nxd2 9. Qxd2 Qf6 10. a3 Ba5 11. f4 O-O 12. g3 Nc6 13. Bg2 Bxc3 14. Qxc3 a5 15. O-O a4 16. Rad1 Rd8 17. Rf2 Ne7 18. Nc1 Bd7 19. Nd3 Rac8 20. Ne5 b6 21. Ng4 Qg6 22. Ne5 Qf6 23. Ng4 Qg6 24. Ne5 Qf6 1/2-1/2

[Event "EU-ch 3rd"]
[Site "Batumi"]
[Date "2002.06.16"]
[Round "5"]
[White "Aleksandrov, Aleksej"]
[Black "Marin, Mihail"]
[Result "1/2-1/2"]
[WhiteElo "2654"]
[BlackElo "2556"]
[PlyCount "76"]
[EventDate "2002.06.12"]
[Source "ChessBase"]
[SourceDate "2002.09.20"]

1. d4 Nf6 2. c4 e6 3. Nc3 Bb4 4. e3 c5 5. Nge2 cxd4 6. exd4 O-O 7. a3 Be7 8. Nf4 d6 9. Be2 e5 10. Nfd5 Nxd5 11. Nxd5 Nc6 12. dxe5 dxe5 13. Be3 Bg5 14. O-O Be6 15. b4 Bxe3 16. fxe3 a5 17. Qb3 axb4 18. axb4 Rxa1 19. Rxa1 Bxd5 20. cxd5 Ne7 21. e4 Qb6+ 22. Kh1 Qd4 23. Rd1 Qxe4 24. Bf3 Qh4 25. Qc3 e4 26. g3 Qh6 27. Bxe4 Nc8 28. d6 Nxd6 29. Bg2 Qe6 30. Qd3 Ne8 31. Qd5 b6 32. Qxe6 fxe6 33. Rd7 Nf6 34. Rd6 Nd5 35. b5 Kf7 36. Bxd5 exd5 37. Rxb6 d4 38. Rd6 Rb8 1/2-1/2

[Event "Aubervilliers"]
[Site "?"]
[Date "2002.01.27"]
[Round "10"]
[White "Milov Vadim"]
[Black "Lalic Bogdan"]
[Result "1-0"]
[WhiteElo "2602"]
[BlackElo "2604"]
[PlyCount "69"]
[EventDate "2002.??.??"]
[Source "www.chesslib.no"]
[SourceDate "2004.05.04"]

1. d4 e6 2. c4 Nf6 3. Nc3 Bb4 4. e3 c5 5. Nge2 cxd4 6. exd4 d5 7. a3 Be7 8. Nf4 O-O 9. cxd5 Nxd5 10. Ncxd5 exd5 11. Bd3 Nc6 12. O-O g6 13. Be3 Bf6 14. Rc1 Be6 15. Nxe6 fxe6 16. Qg4 Qd7 17. h4 Kh8 18. Bb5 Rac8 19. Rfe1 Bg7 20. h5 gxh5 21. Qxh5 Rf5 22. Qh3 Qf7 23. Be2 Rf8 24. Bg4 Rxf2 25. Bxe6 Qf6 26. Rcd1 Rf4 27. Bxf4 Qxf4 28. Bxd5 Nxd4 29. Qe3 Qg4 30. Bxb7 Nf5 31. Qe4 Qg6 32. Qe6 Qg4 33. Be4 Bxb2 34. Rf1 Bxa3 35. Qe5+ 1-0

[Event "New York op"]
[Site "New York"]
[Date "1997.??.??"]
[Round "?"]
[White "Granda Zuniga, Julio E"]
[Black "Morovic Fernandez, Ivan"]
[Result "1/2-1/2"]
[WhiteElo "2620"]
[BlackElo "2580"]
[PlyCount "50"]
[EventDate "1997.04.02"]
[Source "ChessBase"]

1. d4 Nf6 2. c4 e6 3. Nc3 Bb4 4. e3 c5 5. Nge2 cxd4 6. exd4 O-O 7. a3 Be7 8. g3 d5 9. c5 b6 10. b4 a5 11. Na4 axb4 12. Nxb6 Ra7 13. Be3 Rxa3 14. Rxa3 bxa3 15. Nc3 Ne4 16. Nxe4 dxe4 17. Qa4 Bd7 18. Nxd7 Nxd7 19. Qxa3 Qc7 20. Bg2 e5 21. O-O exd4 22. Bxd4 Nxc5 23. Qc3 Ne6 24. Bxg7 Qxc3 25. Bxc3 f5 1/2-1/2

[Event "BCF-ch"]
[Site "Hove"]
[Date "1997.08.14"]
[Round "10"]
[White "Sadler, Matthew"]
[Black "Kosten, Anthony C"]
[Result "1-0"]
[WhiteElo "2665"]
[BlackElo "2530"]
[PlyCount "81"]
[EventDate "1997.08.04"]
[Source "www.chesslib.no"]
[SourceDate "2004.05.04"]

1. d4 e6 2. c4 Bb4+ 3. Nc3 c5 4. e3 Nf6 5. Nge2 cxd4 6. exd4 d5 7. c5 Ne4 8. Bd2 Nxd2 9. Qxd2 Qd7 10. a3 Ba5 11. g3 O-O 12. Bg2 Bd8 13. O-O b6 14. f4 Na6 15. b4 Nc7 16. a4 Be7 17. Rfc1 Bb7 18. Nd1 Rfc8 19. Nf2 b5 20. Nd3 Bc6 21. Ne5 Qe8 22. Nc3 bxa4 23. Nxc6 Qxc6 24. Rxa4 a6 25. Rca1 h6 26. Bf1 Bf6 27. h4 g6 28. Kh2 Rcb8 29. Be2 Kh7 30. h5 g5 31. Bxa6 Nxa6 32. b5 Qc7 33. b6 Qe7 34. Rxa6 Rxa6 35. Rxa6 Qe8 36. Ra7 Kg8 37. Kg2 Bd8 38. fxg5 Bxg5 39. Qe2 Bf6 40. Nb5 e5 41. Qg4+ 1-0

[Event "Bugojno"]
[Site "Bugojno"]
[Date "1984.??.??"]
[Round "?"]
[White "Torre, Eugenio"]
[Black "Andersson, Ulf"]
[Result "1/2-1/2"]
[WhiteElo "2565"]
[BlackElo "2630"]
[PlyCount "25"]
[EventDate "1984.05.??"]
[Source "ChessBase"]

1. d4 Nf6 2. c4 e6 3. Nc3 Bb4 4. e3 c5 5. Nge2 d5 6. a3 Bxc3+ 7. Nxc3 cxd4 8. exd4 dxc4 9. Bxc4 Nc6 10. d5 exd5 11. Nxd5 Be6 12. Nxf6+ Qxf6 13. Bxe6 1/2-1/2

[Event "DPMM f Porz-Solingen"]
[Site "Bad Godesberg"]
[Date "1999.03.14"]
[Round "?"]
[White "Sokolov, Ivan"]
[Black "Gabriel, Christian"]
[Result "1/2-1/2"]
[WhiteElo "2610"]
[BlackElo "2581"]
[PlyCount "114"]
[EventDate "1999.03.??"]
[Source "www.chesslib.no"]
[SourceDate "2004.05.04"]

1. d4 Nf6 2. c4 e6 3. Nc3 Bb4 4. e3 b6 5. Nge2 c5 6. a3 Ba5 7. Rb1 Na6 8. Bd2 O-O 9. Nf4 cxd4 10. exd4 Bxc3 11. Bxc3 d5 12. Nh5 Bb7 13. cxd5 Nxd5 14. Qg4 g6 15. Bd2 f5 16. Qg3 f4 17. Nxf4 Nxf4 18. Bxf4 Qxd4 19. Be3 Qe4 20. Rd1 Rad8 21. Be2 Rxd1+ 22. Bxd1 Qxg2 23. Qxg2 Bxg2 24. Rg1 Bd5 25. h4 Nc5 26. Bc2 Nd7 27. h5 Ne5 28. hxg6 hxg6 29. Kd1 Kf7 30. f4 Bf3+ 31. Kc1 Ng4 32. Bd4 Ke7 33. Bxg6 Rxf4 34. Bc3 e5 35. Re1 Ke6 36. Bh5 Rf5 37. Bxg4 Bxg4 38. Rg1 Rf4 39. Re1 Rf5 40. Rg1 Bh5 41. Rg7 Bf7 42. Kd2 Rh5 43. Ke3 Kf6 44. Rg1 Bd5 45. Rf1+ Ke7 46. Bb4+ Ke6 47. Bc3 Rh3+ 48. Kd2 Bf3 49. Rg1 Kf5 50. Rg7 Ke4 51. Rxa7 Rh2+ 52. Kc1 Rh1+ 53. Kd2 Rd1+ 54. Kc2 Rd5 55. b4 Bd1+ 56. Kc1 b5 57. Re7 Ba4 1/2-1/2

[Event "EU-ch 3rd"]
[Site "Batumi"]
[Date "2002.06.21"]
[Round "9"]
[White "Jobava, Baadur"]
[Black "Graf, Alexander"]
[Result "1/2-1/2"]
[WhiteElo "2566"]
[BlackElo "2623"]
[PlyCount "55"]
[EventDate "2002.06.12"]
[Source "ChessBase"]
[SourceDate "2002.09.20"]

1. d4 Nf6 2. c4 e6 3. Nc3 Bb4 4. e3 b6 5. Nge2 c5 6. a3 Ba5 7. g3 Nc6 8. Bg2 Ba6 9. Qa4 Bxc3+ 10. Nxc3 Na5 11. b4 Bb7 12. Bxb7 Nxb7 13. O-O O-O 14. Rd1 Qc7 15. Qa6 cxb4 16. axb4 Nd6 17. c5 Nde4 18. Bb2 Rfb8 19. Nxe4 Nxe4 20. Qc4 d5 21. Qe2 bxc5 22. bxc5 a5 23. f3 Nxg3 24. hxg3 Qxg3+ 25. Kf1 Qh3+ 26. Kg1 Qg3+ 27. Kf1 Qh3+ 28. Kg1 1/2-1/2

[Event "Manila (izt)"]
[Site "?"]
[Date "1990.??.??"]
[Round "?"]
[White "Lautier, J."]
[Black "Yudasin, L."]
[Result "1-0"]
[WhiteElo "2570"]
[BlackElo "2615"]
[PlyCount "61"]
[EventDate "1990.??.??"]
[Source "ChessBase"]
[SourceDate "1990.01.01"]

1. d4 Nf6 2. c4 e6 3. Nc3 Bb4 4. e3 c5 5. Nge2 cxd4 6. exd4 d5 7. c5 Ne4 8. Bd2 Nxd2 9. Qxd2 a5 10. a3 Bxc3 11. Nxc3 a4 12. Bd3 b6 13. cxb6 Qxb6 14. Bc2 Bd7 15. O-O O-O 16. Rfe1 g6 17. Re3 Rc8 18. Rd1 Bc6 19. Rf3 Nd7 20. Qf4 Rf8 21. Rh3 Qxb2 22. Bb1 Rab8 23. Qh4 h5 24. Qg5 Kg7 25. Rg3 Rh8 26. Bxg6 f6 27. Qh4 Rh6 28. Bxh5+ Kh8 29. Qg4 Rh7 30. Bg6 f5 31. Qf4 1-0

[Event "Skopje 84/444"]
[Site "?"]
[Date "2002.??.??"]
[Round "?"]
[White "Onischuk, Al"]
[Black "Rogozenko, D."]
[Result "1/2-1/2"]
[WhiteElo "2655"]
[BlackElo "2530"]
[PlyCount "41"]
[EventDate "2002.??.??"]
[Source "Chess Informant"]
[SourceDate "2002.02.01"]

1. d4 Nf6 2. c4 e6 3. Nc3 Bb4 4. e3 c5 5. Nge2 b6 6. a3 Ba5 7. Rb1 Qe7 8. Bd2 Ba6 9. b4 cxb4 10. axb4 Bxb4 11. Rxb4 Qxb4 12. Nb5 Qe7 13. Nc7+ Kd8 14. Nxa8 Bxc4 15. Nc3 Bxf1 16. Rxf1 d5 17. Nb5 Qb7 18. Nd6 Qe7 19. Nb5 Qb7 20. Nd6 Qe7 21. Nb5 1/2-1/2